000 00672nam a2200241Ia 4500
003 OSt
005 20221007075825.0
006 a|||||r|||| 00| 0
007 ta
008 221006b |||||||| |||| 00| 0 eng d
024 _a46,306
037 _cTextual
040 _aFLL
_cFLL
_beng
041 _2eng
_aeng
082 _aW, P6
100 _aDRYZEK John S. Ed.
_9464276
245 0 _aOxford handbook of political theory
260 _aNew Delhi
_bOxford University Press India
_c2006
300 _a883p. xv
_ccm.
700 _a HONIG Bonnie Ed.
_9464277
942 _hW, P6
_cTEXL
_2CC
999 _c1157486
_d1157486